00446nam a2200181 a 450000100060000000300090000600800410001502000150005604000280007108200100009910000260010924500280013526000330016330000100019665000290020694200120023599900170024719333CO-ViMGA141112s2004 ck r 000 u spa d a8475100821 aCO-ViMGAbspacCO-ViMGA04aGOSno1 aGoscinny, Rene92775610aAsterix y los normandos aBarcelona : bGrijalbo; 1996 a48 p.14aCUENTOS INFANTILES92743 2ddccBK c28491d28491